Outline studies of the tabernacle. (Record no. 2512)

000 -LEADER
fixed length control field 00596nam a2200193 a 4500
001 - CONTROL NUMBER
control field :::00000237$&:&@@
003 - CONTROL NUMBER IDENTIFIER
control field OkBaRHE
005 - DATE AND TIME OF LATEST TRANSACTION
control field 20000607103237.0
008 - FIXED-LENGTH DATA ELEMENTS--GENERAL INFORMATION
fixed length control field s1974 j 000 0 eng u
040 ## - CATALOGING SOURCE
Transcribing agency
100 1# - MAIN ENTRY--PERSONAL NAME
Personal name Habershon, Ada Ruth, 1861-1918.
245 10 - TITLE STATEMENT
Title Outline studies of the tabernacle.
260 ## - PUBLICATION, DISTRIBUTION, ETC. (IMPRINT)
Place of publication, distribution, etc Grand Rapids, MI., :
Name of publisher, distributor, etc Kregel Publications
Date of publication, distribution, etc c1974
300 ## - PHYSICAL DESCRIPTION
Extent 63 p. : illus. ;
Dimensions 19 cm.
650 ## - SUBJECT ADDED ENTRY--TOPICAL TERM
Topical term or geographic name as entry element Tabernacle
650 ## - SUBJECT ADDED ENTRY--TOPICAL TERM
Topical term or geographic name as entry element Typology (Theology)
942 ## - ADDED ENTRY ELEMENTS (KOHA)
Source of classification or shelving scheme
Koha item type Books
Copies
Total Renewals Date last seen Source of classification or shelving scheme Barcode Date acquired Lost status Withdrawn status Not for loan Date checked out Price effective from Current Location Koha item type Shelving location Copy number Total Checkouts Full call number Permanent Location Damaged status
32018-01-19 2372010-04-14   2017-12-112010-04-14RHEMA Bible Training CollegeBooksGeneral Stacks13BM 654 .H27RHEMA Bible Training College